Normal view
MARC view
- Granados, Juan Antonio
Entry Nombre Personal
001 - NUMERO DE CONTROL
- campo de control: 51513
003 - IDENTIFICADOR DE NUMERO DE CONTROL
- campo de control: MX-MxUPN
005 - FECHA Y HORA DE LA ÜLTIMA TRANSACCIÓN
- campo de control: 20240412093321.0
008 - DATOS DE LONGITUD FIJA
- campo de control de longitud fija: 240412|| aca||aabn | aaa d
040 ## - FUENTE DE CATALOGACIÓN
- Agencia original de catalogación: MX-MxUPN
- Lenguaje de catalogación: spa
- Agencia de transcripción: MX-MxUPN
100 1# - ENCABEZAMIENTO - NOMBRE PERSONAL
- Nombre personal: Granados, Juan Antonio
670 ## - FUENTE EN LA QUE SE LOCALIZARON DATOS
- Cita de la fuente: Hacia la patria grande, 1919:
- Información localizada: portada (Juan Antonio Granados)
902 ## - CATALOGADOR
- Catalogador: Víctor Ruiz/120424
